| 000 | 00366nam a2200145Ia 4500 | ||
|---|---|---|---|
| 008 | 150201s1974 xx 000 0 und d | ||
| 082 |
_a617.6 _bE1974O |
||
| 100 | _aORTHODONTICS SOCITY | ||
| 245 | _aEUROPEAN ORTHODONTIC SOCIETY 1974 | ||
| 250 | _a1ST | ||
| 260 |
_bORTHODONTIC SOCIETY _aDELHI _c1974 |
||
| 300 | _a1-285 | ||
| 650 | _aORTHODONTICS | ||
| 942 |
_2ddc _cBK |
||
| 999 |
_c3258 _d3258 |
||